Statistics for Western Movies

Click here to take the quiz!

General Stats

  • This quiz has been taken 198 times
  • The average score is 10 of 15

Answer Stats

HintYearAnswer% Correct
Leone I: Three pretty bad guys try to find a gold treasure1966The Good, the Bad and the Ugly
86%
"The Seven Samurai" remake starring Yul Brynner and Steve McQueen1960The Magnificent Seven
79%
Paul Newman and Robert Redford try to rob banks in Bolivia, etc.1969Butch Cassidy and the Sundance Kid
75%
Kevin Costner becomes an honorary Indian1990Dances with Wolves
75%
In order to win an Oscar, Leonardo DiCaprio plays a fur trapper who is mauled by a bear and eats raw liver2015The Revenant
75%
A young girl gets revenge with the help of a rundown marshal (remake)2010True Grit
75%
Precisely at lunchtime, marshal Gary Cooper faces a couple of bandits1952High Noon
74%
Retired gunslinger Clint Eastwood takes one last job1992Unforgiven
74%
A slave is freed by a German dentist, and goes on to snatch his wife from a slave owner's bloody hands2012Django Unchained
73%
In wintry Wyoming, suspicious Tarantino characters find shelter in a cabin2015The Hateful Eight
68%
Wyatt Earp and Doc Holiday face bad guys at the O.K. Corral1993Tombstone
67%
In Mel Brooks style, hilarity ensues when a black man becomes sheriff1974Blazing Saddles
65%
Leone II: A young widow and a silent harmonica player seek revenge1968Once Upon a Time in the West
61%
A drinker, a hothead, an old guy and John Wayne protect a small town1959Rio Bravo
53%
A bunch of aged outlaws kill and die in a slow-motion spectacle directed by Sam Peckinpah1969The Wild Bunch
48%

Score Distribution

Percentile by Number Answered

Percent of People with Each Score

Your Score History

You have not taken this quiz